Central Library and Information Centre
Sibsagar Girls' College, Sivasagar : Assam

HEAT AND THERMODYNAMICS (Record no. 26817)

MARC details
000 -LEADER
fixed length control field 00809cam a2200241ua 4500
001 - CONTROL NUMBER
control field 23569
008 - FIXED-LENGTH DATA ELEMENTS--GENERAL INFORMATION
fixed length control field 180525n2016 II |||gr||||Z||||||eng
041 ## - LANGUAGE CODE
Language code of text/sound track or separate title eng
082 ## - DEWEY DECIMAL CLASSIFICATION NUMBER
Classification number 536.7
100 1# - MAIN ENTRY--PERSONAL NAME
Personal name ZEMANSKY, MARK W.
245 1# - TITLE STATEMENT
Title HEAT AND THERMODYNAMICS
Medium Textual Documents
250 ## - EDITION STATEMENT
Edition statement 12TH REP.
260 ## - PUBLICATION, DISTRIBUTION, ETC.
Place of publication, distribution, etc. NEW DELHI
Name of publisher, distributor, etc. MCGREW HILL
Date of publication, distribution, etc. 2016
300 ## - PHYSICAL DESCRIPTION
Extent 507.:
Dimensions 21CM.
653 ## - INDEX TERM--UNCONTROLLED
Uncontrolled term Thermodynamics
700 ## - ADDED ENTRY--PERSONAL NAME
Personal name DITMAN, RICHARD H.

No items available.



Sibsagar Girl's College © 2020. All rights reserved.
Powered by Koha.
Maintained by Abhijit Borpuzari.